Estadísticas para Insomnio (Abraham Mateo)

Haz click aquí para intentar la prueba.

Estadísticas generales

  • Esta prueba ha sido intentada 5 veces
  • La puntuación promedio es 10 de 16

Estadísticas de respuestas

Canción% Correcto
Bailarina
100%
Falsos recuerdos
100%
Billete de vuelta
67%
Clavaito
67%
Desgraciaita
67%
Incomplete
67%
Me acuerdo de ti
67%
Me di cuenta
67%
Me quedaré
67%
Quiero decirte
67%
Riendo y llorando
67%
Supermal
67%
XQ sigues pasando
67%
El amanecer
33%
La idea
33%
Maníaca
33%

Distribución de puntuación

Porcentaje por número respondido

Porcentaje de gente con cada puntuación

Historial de tus puntuaciones

No has intentado esta prueba.